000 00339nam a22001457a 4500
008 221014b ||||| |||| 00| 0 eng d
020 _a2900495554768
041 _aeng
080 _23E
_a612.39
082 _a612.39 NEL
100 _a16.2
101 _aNUTRI
245 _aMEDICAL NUTRITION THERAPY
_cNELMS NAHIKIAN M
942 _2udc
_cBK
999 _c58570
_d58570